El método epidemiológico en salud mental / (Record no. 196064)

MARC details
000 -LEADER
campo de control de longitud fija 01801nam a2200469 i 4500
001 - NÚMERO DE CONTROL
campo de control 196064
003 - IDENTIFICADOR DE NÚMERO DE CONTROL
campo de control ES-MaACL
005 - FECHA Y HORA DE LA ÚLTIMA TRANSACCIÓN
campo de control 20250429063013.0
008 - DATOS DE LONGITUD FIJA--INFORMACIÓN GENERAL
campo de control de longitud fija 240811s1993 sp | |||| ||spa
016 7# - NÚMERO DE CONTROL DE UNA AGENCIA BIBLIOGRÁFICA NACIONAL
Número de control del registro bimoBNE19930825678
Fuente SpMaBN
016 ## - NÚMERO DE CONTROL DE UNA AGENCIA BIBLIOGRÁFICA NACIONAL
Número de control del registro BNE19940026839
016 ## - NÚMERO DE CONTROL DE UNA AGENCIA BIBLIOGRÁFICA NACIONAL
Número de control del registro BNE19982521921
016 ## - NÚMERO DE CONTROL DE UNA AGENCIA BIBLIOGRÁFICA NACIONAL
Número de control del registro BNE19940148575
017 ## - NÚMERO DE COPYRIGHT O DE DEPÓSITO LEGAL
Número de copyright o de depósito legal B 22554-1993
Agencia que asigna Oficina Depósito Legal Barcelona
017 ## - NÚMERO DE COPYRIGHT O DE DEPÓSITO LEGAL
Número de copyright o de depósito legal B 22554-1993
020 ## - NÚMERO INTERNACIONAL ESTÁNDAR DEL LIBRO
Número Internacional Estándar del Libro 8445801384
035 ## - NÚMERO DE CONTROL DEL SISTEMA
Número de control de sistema (OCoLC)435398512
035 ## - NÚMERO DE CONTROL DEL SISTEMA
Número de control de sistema (SpMaBN)bimo0000354225
035 ## - NÚMERO DE CONTROL DEL SISTEMA
Número de control de sistema 26527558-34bne_inst
035 ## - NÚMERO DE CONTROL DEL SISTEMA
Número de control de sistema 26527557-34bne_inst
035 ## - NÚMERO DE CONTROL DEL SISTEMA
Número de control de sistema 26527556-34bne_inst
035 ## - NÚMERO DE CONTROL DEL SISTEMA
Número de control de sistema 991018992859708606
040 ## - FUENTE DE CATALOGACIÓN
Centro catalogador/agencia de origen SpMaBN
Lengua de catalogación spa
Centro/agencia transcriptor SpMaBN
Normas de descripción rdc
080 ## - NÚMERO DE LA CLASIFICACIÓN DECIMAL UNIVERSAL
Número de la Clasificación Decimal Universal 616.89-036.22
100 0# - ENTRADA PRINCIPAL--NOMBRE DE PERSONA
Nombre de persona González de Rivera y Revuelta, José Luis
9 (RLIN) 58571
Término indicativo de función/relación Autor
245 13 - MENCIÓN DEL TÍTULO
Título El método epidemiológico en salud mental /
Mención de responsabilidad, etc. José Luis González de Rivera y Revuelta, Francisco Rodríguez Pulido, Antonio Sierra López.
260 ## - PUBLICACIÓN, DISTRIBUCIÓN, ETC.
Lugar de publicación, distribución, etc. Barcelona :
Nombre del editor, distribuidor, etc. Edic. Científicas y Técnicas,
Fecha de publicación, distribución, etc. D.L. 1993.
300 ## - DESCRIPCIÓN FÍSICA
Extensión XIX, 444 p. :
Dimensiones 25 cm.
336 ## - TIPO DE CONTENIDO
Fuente rdacontent
Término de tipo de contenido texto
337 ## - TIPO DE MEDIO
Fuente rdamedia
Nombre/término del tipo de medio sin mediación
338 ## - TIPO DE SOPORTE
Fuente rdacarrier
Nombre/término del tipo de soporte volumen
504 ## - NOTA DE BIBLIOGRAFÍA, ETC.
Nota de bibliografía, etc. Bibliografía. Índice
650 #7 - PUNTO DE ACCESO ADICIONAL DE MATERIA--TÉRMINO DE MATERIA
Término de materia o nombre geográfico como elemento de entrada Enfermedades mentales-
Subdivisión general Epidemiología
9 (RLIN) 173392
700 ## - ENTRADA AGREGADA--NOMBRE PERSONAL
Nombre de persona Rodríguez Pulido, Francisco
9 (RLIN) 238076
Término indicativo de función/relación Autor
700 ## - ENTRADA AGREGADA--NOMBRE PERSONAL
Nombre de persona Sierra López, Antonio,
Fechas asociadas al nombre 1940-
9 (RLIN) 238077
Término indicativo de función/relación Autor
852 ## - LOCALIZACIÓN
Ubicación ES-MaACL
Sublocalización o colección R.152919
Ubicación en estantería Depósito J
Número de control de estantería N-9191
Donativo/Legado Donación: ¿J. L. González de Rivera y Revuelta?
Encuadernación Encuadernación cartoné
itemnumber 205096
883 1# - PROCEDENCIA DE METADATOS
Proceso de creación Cotejo registros de fondos y signatura-ítem
Fecha de creación 20220521
942 ## - ELEMENTOS DE ENTRADA SECUNDARIOS (KOHA)
Tipo de ítem Koha Libro impreso
Suprimir en OPAC No
Holdings
Estatus retirado Estado de pérdida Fuente del sistema de clasificación o colocación Estado de daño No para préstamo Biblioteca de origen Biblioteca actual Ubicación en estantería Fecha de adquisición Fuente de adquisición Total de préstamos Signatura topográfica completa Código de barras Visto por última vez Precio de reemplazo Tipo de ítem Koha
    Clasificación decimal universal     Biblioteca del Ateneo de Madrid Biblioteca del Ateneo de Madrid Depósito J 27/04/2025 Donación   N-9191 101229931 27/04/2025 27/04/2025 Libro impreso